Normal view
MARC view
Entry Personal Name
001 - CONTROL NUMBER
- control field: 70692
003 - CONTROL NUMBER IDENTIFIER
- control field: dpl
005 - DATE AND TIME OF LATEST TRANSACTION
- control field: 20240828151724.0
008 - FIXED-LENGTH DATA ELEMENTS
- fixed length control field: 240828|| aca||aabn | a|a d
040 ## - CATALOGING SOURCE
- Original cataloging agency: dpl
- Transcribing agency: dpl
100 ## - HEADING--PERSONAL NAME
- Personal name: Pandit, M.P
670 ## - SOURCE DATA FOUND
- Source citation: Work cat.: (dpl)205367: Pandit, M.P., Builders of Modern India:
